000 00311nam a2200133Ia 4500
005 20260326100039.0
008 260326s9999||||xx |||||||||||||| ||und||
100 _aLe Corbusier
245 0 _aHacia una Arquitectura /
_cLe Corbusier
260 _bPoseidón
300 _a238 p.
650 _aTEORÍA
942 _cBK
999 _c6952
_d6952